A student's guide to Maxwell's equations /
| Main Author: | |
|---|---|
| Format: | Book |
| Language: | English |
| Published: |
Cambridge, UK ; New York :
Cambridge University Press,
2008.
|
| Subjects: | |
| Online Access: | Table of contents only Publisher description Contributor biographical information |
MARC
| Tag | First Indicator | Second Indicator | Subfields |
|---|---|---|---|
| LEADER | 00000cam a2200000 a 4500 | ||
| 001 | in00002394213 | ||
| 005 | 20151109064838.0 | ||
| 008 | 070913s2008 enka b 001 0 eng | ||
| 010 | |a 2007037901 | ||
| 020 | |a 9780521877619 (hardback : alk. paper) | ||
| 020 | |a 052187761X (hardback : alk. paper) | ||
| 020 | |a 9780521701471 (pbk. : alk. paper) | ||
| 020 | |a 0521701473 (pbk. : alk. paper) | ||
| 035 | |a (OCoLC)ocn173182616 | ||
| 035 | |a (OCoLC)173182616 | ||
| 040 | |a DLC |c DLC |d BAKER |d YDXCP |d BWKUK |d GZT |d UtOrBLW | ||
| 049 | |a TXAM | ||
| 050 | 0 | 0 | |a QC670 |b .F56 2008 |
| 082 | 0 | 0 | |a 530.14/1 |2 22 |
| 100 | 1 | |a Fleisch, Daniel A. | |
| 245 | 1 | 2 | |a A student's guide to Maxwell's equations / |c Daniel Fleisch. |
| 264 | 1 | |a Cambridge, UK ; |a New York : |b Cambridge University Press, |c 2008. | |
| 300 | |a ix, 134 pages : |b illustrations ; |c 23 cm. | ||
| 336 | |a text |b txt |2 rdacontent | ||
| 337 | |a unmediated |b n |2 rdamedia | ||
| 338 | |a volume |b nc |2 rdacarrier | ||
| 504 | |a Includes bibliographical references and index. | ||
| 505 | 0 | |a Gauss's law for electric fields -- Gauss's law for magnetic fields -- Faraday's law -- The Ampere-Maxwell law -- From Maxwell's equations to the wave equation -- Maxwell's equations in matter. | |
| 650 | 0 | |a Maxwell equations. | |
| 856 | 4 | 1 | |3 Table of contents only |u http://www.loc.gov/catdir/enhancements/fy0803/2007037901-t.html |t 0 |
| 856 | 4 | 2 | |3 Publisher description |u http://www.loc.gov/catdir/enhancements/fy0803/2007037901-d.html |t 0 |
| 856 | 4 | 2 | |3 Contributor biographical information |u http://www.loc.gov/catdir/enhancements/fy0803/2007037901-b.html |t 0 |
| 938 | |a Baker & Taylor |b BKTY |c 28.99 |d 28.99 |i 0521701473 |n 0007352141 |s active | ||
| 938 | |a Baker & Taylor |b BKTY |c 80.00 |d 80.00 |i 052187761X |n 0007352526 |s active | ||
| 938 | |a YBP Library Services |b YANK |n 100484427 | ||
| 945 | |a PromptCat |b 437148 | ||
| 946 | |a stk | ||
| 947 | |a A14836803849 | ||
| 994 | |a 92 |b TXA | ||
| 948 | |a cataloged |b h |c 2008/6/18 |d c |e asalazar |f 3:45:32 pm | ||
| 999 | |a MARS | ||
| 999 | f | f | |s ae914cd0-8060-363b-8b7a-7b8118ecd568 |i ee636ff8-e36e-3248-96df-a384798878ff |t 0 |
| 952 | f | f | |p normal |a Texas A&M University |b College Station |c Sterling C. Evans Library |d Evans: Library Stacks |t 0 |e QC670 .F56 2008 |h Library of Congress classification |i unmediated -- volume |m A14836803849 |
| 998 | f | f | |a QC670 .F56 2008 |t 0 |l Evans: Library Stacks |